书目信息 |
| 题名: |
世界地理
|
|
| 作者: | ;中小学通用教材地理编写组 编 | |
| 分册: | 上册 | |
| 出版信息: | 北京 人民教育出版社 1979 |
|
| 页数: | 127页 | |
| 开本: | 19cm | |
| 丛书名: | ||
| 单 册: | ||
| 中图分类: | G634.56 | |
| 科图分类: | ||
| 主题词: | 地理--世界--中学--教材 | |
| 电子资源: | ||
| ISBN: | ||
| 000 | 00735nam0 2200253 45 | |
| 001 | 0180001011 | |
| 005 | 20070731160254.54 | |
| 010 | @dCNY0.28 | |
| 091 | @aK7012.026 | |
| 100 | @a19950605d1979 demy0chiy0121 ea | |
| 101 | 0 | @achi |
| 102 | @aCN@b110000 | |
| 105 | @ay z 000yy | |
| 200 | 10 | @a世界地理@Ashi jie di li@e试用本@h上册@f中小学通用教材地理编写组编 |
| 205 | @a3版 | |
| 210 | @a北京@c人民教育出版社@d1979 | |
| 215 | @a127页@d19cm | |
| 300 | @a全日制十年制学校初中课本 | |
| 606 | @a地理@y世界@x中学@x教材 | |
| 690 | @aG634.56@v3 | |
| 711 | 02 | @a中小学通用教材地理编写组@Azhong xiao xue tong yong jiao cai di li bian xie zu@4编 |
| 801 | 2 | @aCN@bNLC@c20070731 |
| 801 | 0 | @aCN@bTSSF |
| 905 | @a10447@dG634.56@e1033:1 | |
| 世界地理:试用本.上册/中小学通用教材地理编写组编.-3版.-北京:人民教育出版社,1979 |
| 127页;19cm |
| 全日制十年制学校初中课本 |
| ISBN :CNY0.28 |
| ● |
| 相关链接 |
|
|
|
|
正题名:世界地理
索取号:G634.56/1033:1
 
预约/预借
| 序号 | 登录号 | 条形码 | 馆藏地/架位号 | 状态 | 备注 |
| 1 | 0787166 | 207871668 | 第一样本阅览室/ [索取号:G634.56/1033:1] | 在馆 |